MARC details
| 000 -CABECERA |
| campo de control de longitud fija |
01781nam a2200325 i 4500 |
| 001 - NÚMERO DE CONTROL |
| campo de control |
000030981 |
| 003 - IDENTIFICADOR DEL NÚMERO DE CONTROL |
| campo de control |
DO-SdBNP |
| 005 - FECHA Y HORA DE LA ÚLTIMA TRANSACCIÓN |
| campo de control |
20250822075952.0 |
| 007 - CAMPO FIJO DE DESCRIPCIÓN FÍSICA--INFORMACIÓN GENERAL |
| campo de control de longitud fija |
ta |
| 008 - DATOS DE LONGITUD FIJA--INFORMACIÓN GENERAL |
| campo de control de longitud fija |
100907t1985 dr abc 000 0 spa d |
| 040 ## - FUENTE DE LA CATALOGACIÓN |
| Centro catalogador/agencia de origen |
DO-SdBNP |
| Lengua de catalogación |
spa |
| Centro/agencia transcriptor |
BNPHU |
| Normas de descripción |
rda |
| 041 ## - CÓDIGO DE LENGUA |
| Código de lengua del texto/banda sonora o título independiente |
sp |
| 082 ## - NÚMERO DE LA CLASIFICACIÓN DECIMAL DEWEY |
| Número de clasificación |
972.93053 |
| Número de documento/Ítem |
G861e |
| Número de edición |
22 |
| 100 1# - ENTRADA PRINCIPAL--NOMBRE DE PERSONA |
| Nombre de persona |
Grimaldi, Víctor, |
| Fechas asociadas al nombre |
1949- |
| Término indicativo de función/relación |
autor |
| 9 (RLIN) |
1699 |
| 245 14 - MENCIÓN DE TÍTULO |
| Título |
Los Estados Unidos en el derrocamiento de Trujillo / |
| Mención de responsabilidad, etc. |
Víctor Grimaldi. |
| 264 ## - PRODUCCIÓN, PUBLICACIÓN, DISTRIBUCIÓN, FABRICACIÓN Y COPYRIGHT |
| Producción, publicación, distribución, fabricación y copyright |
Santo Domingo : |
| Nombre del de productor, editor, distribuidor, fabricante |
Amigo del Hogar, |
| Fecha de producción, publicación, distribución, fabricación o copyright |
1985. |
| 300 ## - DESCRIPCIÓN FÍSICA |
| Extensión |
127 páginas : |
| Otras características físicas |
ilustraciones mapas., retratos. ; |
| Dimensiones |
21 cm. |
| 336 ## - TIPO DE CONTENIDO |
| Término de tipo de contenido |
rdacontent |
| Código de tipo de contenido |
texto |
| Fuente |
txt |
| 337 ## - TIPO DE MEDIO |
| Nombre/término del tipo de medio |
rdamedia |
| Código del tipo de medio |
sin mediación |
| Fuente |
n |
| 338 ## - TIPO DE SOPORTE |
| Nombre/término del tipo de soporte |
rdacarrier |
| Código del tipo de soporte |
volumen |
| Fuente |
nc |
| 505 0# - NOTA DE CONTENIDO CON FORMATO |
| Información miscelánea |
Presentación -- |
| Título |
Quisieron perpetuar la tiranía en 1959 -- |
| -- |
Mientras tanto, ¿Qué pasó con Batista? -- |
| -- |
... Y en 1960 le ofrecieron dólares al Jefe para que abandonara el poder por las buenas -- |
| -- |
..Y como el Jefe rechazó el US$ Fondo de Eisenhower, la CIA se metió en el complot -- |
| -- |
... Y continuaron interviniendo en la vida dominicana -- |
| -- |
14 Años antes, en 1947 los Estados Unidos abortaron la invasión de Cayo Confites -- |
| Información miscelánea |
Anexo : |
| Título |
(Parte D del informe, del Comité del Senado de Estados Unidos que investigó los planes de asesinato de líderes extranjeros en 1975). |
| 590 ## - NOTA LOCAL (RLIN) |
| Nota local |
Inventariado, 2025/DG |
| 600 10 - PUNTO DE ACCESO ADICIONAL DE MATERIA--NOMBRE DE PERSONA |
| Nombre de persona |
Trujillo Molina, Rafael Leónidas, |
| Fechas asociadas al nombre |
1891-1961 |
| 9 (RLIN) |
76764 |
| 650 #4 - PUNTO DE ACCESO ADICIONAL DE MATERIA--TÉRMINO DE MATERIA |
| Término de materia o nombre geográfico como elemento de entrada |
República Dominicana |
| Subdivisión general |
Historia |
| Subdivisión cronológica |
Era de Trujillo*1930-1961 |
| 9 (RLIN) |
85829 |
| 651 #4 - PUNTO DE ACCESO ADICIONAL DE MATERIA--NOMBRE GEOGRÁFICO |
| Nombre geográfico |
Estados Unidos |
| Subdivisión general |
Relaciones Exteriores |
| Subdivisión geográfica |
República Dominicana |
| 9 (RLIN) |
6309 |
| 651 #4 - PUNTO DE ACCESO ADICIONAL DE MATERIA--NOMBRE GEOGRÁFICO |
| Nombre geográfico |
República Dominicana |
| Subdivisión general |
Relaciones Exteriores |
| Subdivisión geográfica |
Estados Unidos |
| 9 (RLIN) |
6308 |
| 651 #0 - PUNTO DE ACCESO ADICIONAL DE MATERIA--NOMBRE GEOGRÁFICO |
| Nombre geográfico |
República Dominicana |
| Subdivisión general |
Política y gobierno |
| 9 (RLIN) |
45 |
| 910 ## - DATOS DE OPCIÓN DEL USUARIO (OCLC) |
| Datos de opción del usuario |
Validado. Control de calidad EMS. |
| 942 ## - ELEMENTOS DE PUNTO DE ACCESO ADICIONAL (KOHA) |
| Fuente del sistema de clasificación o colocación |
Dewey Decimal Classification |
| Tipo de ítem Koha |
Libro |